000 01092nas a2200349 4500
001 BR0204767
003 BR-BrBNA
005 20231205103244.0
007 ta
008 230509b bl.|||p| |||| 00| 00por d
040 _aBR-BrBNA
_bpor
_cBiblioteca Nacional de Agricultura
041 _a(Pt)
072 _aF70
100 1 _aOliveira, Z.L. de
100 1 _aSantos Júnior, R.C.B.
100 1 _aFeliciano, A.L.P.
100 1 _aMarangon, L.C.
100 1 _aCarvalho, A.J.E. de
245 1 _aLevantamento florístico e fitossociológico de um trecho de mata atlântica na Estação Florestal Experimental de Nísia Floresta - RN
650 _aOITICICA
650 _aDICOTILEDÔNEA
650 _aTAXONOMIA VEGETAL
650 _aCOMPOSIÇÃO BOTÂNICA
650 _aBIOTA
650 _aPRESERVAÇÃO DA NATUREZA
650 _aVARIEDADE
650 _aFLORESTA NATIVA
650 _aRIO GRANDE DO NORTE
773 0 _tBrasil Florestal (Brazil)
_xISSN 0045-270X
_g(Sep 2001), v. 20(71) p. 22-29
_wBR0204767
909 _a202311
_bLúcia
_c55
_dLúcia Elande
942 _2AGRIS
_n0
_cANA
999 _c171914
_d171914